000 00427nam a2200145Ia 4500
008 220214s9999 xx 000 0 und d
022 _a0015-0568
245 0 _aFIBRE SCIENCE AND TECHNOLOGY
247 _aComposites Science And Technology
260 _bElsevier Applied Science Publishers, England
_aUK
310 _a2vy
500 _aEnding Volume & Year: 21, 1984
500 _aStarting Volume & Year: 18, 1983
942 _cBJ
999 _c9749
_d9749